Libertad de la Iglesia en Occidente: documentos sobre las relaciones entre la Iglesia y el Estado en los tiempos primeros del Cristianismo

Guardat en:
Dades bibliogràfiques
Autor principal: Rahner, Hugo (Autor)
Format: Llibre
Idioma:espanyol
Publicat: Buenos Aires Desclée de Brouwer 1949
Edició:1a. ed
Col·lecció:Documentos de la Iglesia Antigua
Matèries:
Etiquetes: Afegir etiqueta
Sense etiquetes, Sigues el primer a etiquetar aquest registre!

MARC

LEADER 00000cam a2200000 a 4500
001 UCC6386
003 CL-VaPUC
008 181207e19490000ag |||||||||||||||||spa|d
082 0 4 |a 270  |b RAH  |2 21 
100 0 |a Rahner, Hugo  |e author  |9 600812 
245 1 0 |a Libertad de la Iglesia en Occidente: documentos sobre las relaciones entre la Iglesia y el Estado en los tiempos primeros del Cristianismo 
250 |a 1a. ed 
300 |a 364 p 
942 |c BK 
945 |d 20181207 13:37:00  |a dcastane 
260 |a Buenos Aires  |b Desclée de Brouwer  |c 1949 
650 0 |a Historia de la iglesia   |9 257565 
650 0 |a Iglesia y Estado  |9 254995 
650 7 |a IGLESIA PRIMITIVA  |2 CL-VaPUC  |9 394704 
583 |a last modification  |c 20181207 13:37:00  |k Rodrigo Vera 
490 0 |a Documentos de la Iglesia Antigua 
999 |c 373335  |d 373333 
952 |0 0  |1 0  |3 erd  |4 0  |6 270_000000000000000_RAH_1949  |7 0  |8 P  |9 491405  |a BIBTEO  |b BIBTES  |c TEO_FTES  |e Precht Pizarro, Jorge Enrique  |i 5519993  |o 270 RAH 1949  |p 5519993  |r 2024-01-18  |w 2019-11-24  |y BK  |z Catalogado en:20181207  |k ICR